| 000 | 00480nam a2200145Ia 4500 | ||
|---|---|---|---|
| 008 | 231129s2015||||xx |||||||||||||| ||spa|| | ||
| 020 | _a978-958-775-265-6 | ||
| 040 | _bspa | ||
| 082 | _a671.73 C246p | ||
| 100 | _aCapote Rodríguez Gil | ||
| 245 | 0 | _aProducción caracterización y aplicaciones de recubrimietos producidos por plasma | |
| 260 | _c2015 | ||
| 264 | _aBogotá Colombia : Universidad Nacional de Colombia | ||
| 942 |
_2ddc _cBKS |
||
| 999 |
_c23306 _d23306 |
||